Survivor Asian Contestants Quiz Stats

 Plays Quiz not verified by Sporcle

Support Sporcle.
Go Orange.
Score 0/21 Timer 10:00
0 Plays Today
% Correct
Yul Kwon
92.3%
Becky Lee
78.6%
Yau-Man Chan
60.7%
Shii-Ann Huang
57.7%
Michelle Yi
50%
Peih-Gee Law
49.5%
Mookie Lee
49%
Brad Virata
48.5%
Jenny Guzon-Bae
48.5%
Cao Boi Bui
47.4%
Sylvia Kwan
41.8%
% Correct
Christina Cha
40.8%
Edna Ma
40.3%
Stacy Kimball
38.8%
Daniel Lue
37.2%
Brenda Lowe
35.7%
Liz Kim
29.1%
Bruce Kanegai
28.1%
Ken Hoang
28.1%
Jonas Otsuji
27%
Michael 'Frosti' Zernow
15.8%

You're not logged in!

Compare scores with friends on all Sporcle quizzes.
OR
Log In

From the Vault

Harry Potter Character or Supreme Court Justice?

by christopherjulia

Honestly, most of these seem like they could go either way.
Remove Ads.
Support Sporcle.
Get the best of Sporcle when you Go Orange. This ad-free experience offers more features, more stats, and more fun while also helping to support Sporcle. Thank you for becoming a member.

Show Comments

Extras

Created Mar 14, 2012ReportNominate
Tags:Asia Quiz, Survivor

Top Quizzes Today


Score Distribution

Your Account Isn't Verified!

In order to create a playlist on Sporcle, you need to verify the email address you used during registration. Go to your Sporcle Settings to finish the process.

Report this User

Report this user for behavior that violates our Community Guidelines.

Details: